Contronyms of English - Statistics

General Stats
  • This quiz has been taken 34 times
  • The average score is 4 of 12
Answer Stats
Meaning 1 Meaning 2 Answer % Correct
Recurring every year Only lasting for one year; ____ flowers. annual
90%
To endure; to ____ a storm. To decay and disintegrate; ____ed rock weather
57%
Put something back to its original position Put some other thing in where the original thing was replace
47%
To read thoroughly To read quickly and not thoroughly peruse/scan
43%
To give approval to; ____ed vaccines. The act of impeding someone and imposing a penalty; to impose ____s sanction
40%
A diverse range of; a ____ of approaches A single subspecies; this ____ of tulip variety
30%
Certain to be available; a/an ____ seat Uncertain to others ; a ____ person reserved
23%
Plain and unchanged Creative and new; a/an ____ idea. original
17%
End something (a life) Start something execute
13%
To cling and adhere To separate (and remove in some cases) cleave
10%
The state of managing something Not properly managed; a/an ____ in management oversight
7%
To wrap or tie together To undo knots or wraps ravel
3%
No matching quizzes found
Score Distribution
Percent of People with Each Score
Percentile by Number Answered
Your Score History
You have not taken this quiz